<?xml version="1.0" encoding="UTF-8"?>
<marc:record xmlns:marc="http://www.loc.gov/MARC21/slim">
   <marc:leader>00000nam a2200000 a 4500</marc:leader>
   <marc:datafield ind1="1" ind2=" " tag="100">
      <marc:subfield code="a">Maurer, Anna</marc:subfield>
      <marc:subfield code="4">aut</marc:subfield>
      <marc:subfield code="e">Verfasser/-in</marc:subfield>
   </marc:datafield>
   <marc:datafield ind1="1" ind2=" " tag="100">
      <marc:subfield code="a">Weissbarth, Christine</marc:subfield>
      <marc:subfield code="4">aut</marc:subfield>
      <marc:subfield code="e">Verfasser/-in</marc:subfield>
   </marc:datafield>
   <marc:datafield ind1="0" ind2="0" tag="245">
      <marc:subfield code="a">Beherzt</marc:subfield>
   </marc:datafield>
   <marc:datafield ind1="0" ind2="0" tag="245">
      <marc:subfield code="b">Wie Sehnsucht die Angst überwindet</marc:subfield>
   </marc:datafield>
   <marc:datafield ind1="0" ind2="0" tag="245">
      <marc:subfield code="c">Anna Maurer, Christine Weissbarth</marc:subfield>
   </marc:datafield>
   <marc:datafield ind1=" " ind2="1" tag="264">
      <marc:subfield code="a">Wien</marc:subfield>
      <marc:subfield code="b">Carl Ueberreuter Verlag, Sachbuch</marc:subfield>
      <marc:subfield code="c">2021</marc:subfield>
   </marc:datafield>
   <marc:datafield ind1=" " ind2=" " tag="250">
      <marc:subfield code="a">1. Auflage</marc:subfield>
   </marc:datafield>
   <marc:datafield ind1="1" ind2=" " tag="520">
      <marc:subfield code="a">Angaben aus der Verlagsmeldung

Beherzt : Wie Sehnsucht die Angst überwindet / von Anna Maurer, Christine Weissbarth

Kindheit in den 1950er-Jahren, österreichische Provinz: eine Welt, wo das Leben in vorgezeichneten Bahnen verläuft.Früh zieht es Klara Berger, die Protagonistin, hinaus aus der Enge ihrer Herkunft, mit der Heirat meint sie, ihr Traumleben gefunden zu haben. Durch Zufall macht sie erste Erfahrungen mit Psychotherapie und Spiritualität – und dann ist nichts mehr, wie es war. Es beginnt ein innerer Entwicklungsweg, der sie in ein völlig neues Leben hineinkatapultiert.Beherzt geht sie ihren Weg, dessen einziger Kompass die tiefe Sehnsucht nach einem authentischen, sinnerfüllten Leben ist. Die eindrucksvolle, mit großer Ehrlichkeit und Kraft erzählte Lebensgeschichte einer Frau, die die Angst hinter sich lässt und dafür Glück, Zufriedenheit und wahre Liebesfähigkeit findet. Ein Buch voller Mut, Zuversicht und Lebensweisheit.
</marc:subfield>
   </marc:datafield>
   <marc:datafield ind1=" " ind2=" " tag="020">
      <marc:subfield code="a">9783800077731</marc:subfield>
      <marc:subfield code="9">9783800077731</marc:subfield>
   </marc:datafield>
   <marc:datafield ind1=" " ind2=" " tag="020">
      <marc:subfield code="a">3800077736</marc:subfield>
      <marc:subfield code="9">3800077736</marc:subfield>
   </marc:datafield>
   <marc:datafield ind1=" " ind2=" " tag="041">
      <marc:subfield code="a">ger</marc:subfield>
   </marc:datafield>
   <marc:datafield ind1=" " ind2=" " tag="300">
      <marc:subfield code="a">200 Seiten</marc:subfield>
   </marc:datafield>
</marc:record>
